000 00473nam a2200169 i 4500
001 55041
003 ES-MaACL
005 20230906163054.0
007 t|
008 030911s1972 sp ||||1| spa d
100 1 _aDelgado, Fernando G.
_943406
245 1 0 _aMísero templo /
_cFernando G. Delgado.
260 _aTenerife :
_b[s.n.],
_c1972.
300 _a95 p. ;
_c22 cm.
500 _aPremio de Poesía "Antonio de Viana", 1971.
852 _aES-MaACL
_jC-43755
_bR.82349
999 _c55041
_d55041